| 000 | 00417pab a2200157 454500 | ||
|---|---|---|---|
| 008 | 180718b2001 xxu||||| |||| 00| 0 eng d | ||
| 100 | _aMukhopadhyay, Inkumar | ||
| 245 | _aBudget 2001-2002: indirect taxes: more said than done | ||
| 260 | _c2001 | ||
| 300 | _ap.713-14 | ||
| 362 | _a3 Mar | ||
| 650 | _aBudget - India - 2001-2002 | ||
| 650 | _aBudget | ||
| 773 | _aEconomic and Political Weekly | ||
| 909 | _a47803 | ||
| 999 |
_c47803 _d47803 |
||